Survey of tree dryness on panels BO-1 and BO-2 of clone PB260 (Record no. 70043)

MARC details
000 -LEADER
fixed length control field 00289nam a2200109Ia 4500
100 ## - MAIN ENTRY--AUTHOR NAME
Personal name Chan Weng Hoong
245 #0 - TITLE STATEMENT
Title Survey of tree dryness on panels BO-1 and BO-2 of clone PB260
260 ## - PUBLICATION, DISTRIBUTION, ETC. (IMPRINT)
Name of publisher Planter
Year of publication 1996
300 ## - PHYSICAL DESCRIPTION
Number of Pages 55-65
942 ## - ADDED ENTRY ELEMENTS (KOHA)
Koha item type Journals
Holdings
Withdrawn status Lost status Damaged status Not for loan Home library Current library Shelving location Date acquired Serial Enumeration / chronology Koha item type
      Journals RRII Library RRII Library Physiology 17/12/2021 Volume 72, Issue 839 Journals